00000000nam##2200000za#4500
0019.681992
003CaOODSP
00520250611103645
007ta
008150407|2003||||xxc|||||     f|0| 0 fre|d
020 |a0-660-96795-2|z0-662-88220-2
040 |aCaOODSP|bfre
043 |an-cn---
0861 |aA22-233/2003-5F
1101 |aCanada. |bAgriculture et agroalimentaire Canada.
24510|aRusticité et croissance de plantes ligneuses ornementales. Tome V : |bRésultats et recommandations du REPLOQ
260 |aQuébec - Québec : |bAgriculture et Agroalimentaire Canada |c2003.
300 |aXXII, 524, [14]p. : |bgraphiques, ill., cartes, références, tableaux ; |c28 cm.
504 |aBibliographie.
563 |aCouverture souple
590 |a03-15|b2003-04-11
69107|aPlante ornementale|2gcpds
77508|tHardiness and growth of woody ornamental plants. Volume V : |w(CaOODSP)9.648731
7760#|tRusticité et croissance de plantes ligneuses ornementales. Tome V : |w(CaOODSP)9.643613